• 首页
  • 本馆介绍
  • 公告通知
  • 最新文献
  • 馆藏检索
  • 电子资源
  • 读者导购
  • 参考咨询
  • 我的图书馆
  • 登录
  • 详细信息显示
  • 放入我的书架
  • 预约/预借图书
  • 作者相关作品
  • 分类相关作品
  • 丛书相关作品
  • 出版社相关作品

书目信息

  • 表格格式
  • 工作单格式
  • 卡片格式
题名:
园艺产品贮藏加工技术
    
 
作者: 江明 主编
分册:  
出版信息: 北京   北京理工大学出版社有限责任公司  2020
页数: 202页
开本: 26cm
丛书名:
单 册:
中图分类: S609
科图分类:
主题词: 园艺作物--贮藏 , 园艺作物--加工
电子资源:
ISBN: 978-7-5682-9050-0
000 00776nam0 2200229 450
001 2347301735
005 20230929130833.76
010    @a978-7-5682-9050-0@dCNY45.00
100    @a20210618d2020 em y0chiy50 ea
101 0  @achi
102    @aCN@b110000
105    @aa z 000yy
200 1  @a园艺产品贮藏加工技术@Ayuan yi chan pin zhu cang jia gong ji shu@f江明主编
210    @a北京@c北京理工大学出版社有限责任公司@d2020
215    @a202页@c图,照片@d26cm
330    @a本书分为五个项目:园艺产品内在品质测评、园艺产品商品化处理、贮藏库的构造与使用、常用果树贮运技术控制措施、果蔬加工原料预处理。
606 0  @a园艺作物@x贮藏
606 0  @a园艺作物@x加工
690    @aS609@v5
701  0 @a江明@Ajiang ming@4主编
801  0 @aCN@b山东中教@c20230928
905    @aBZT@dS609@e3
    
    园艺产品贮藏加工技术/江明主编.-北京:北京理工大学出版社有限责任公司,2020
    202页:图,照片;26cm
    
    
    ISBN 978-7-5682-9050-0:CNY45.00
    本书分为五个项目:园艺产品内在品质测评、园艺产品商品化处理、贮藏库的构造与使用、常用果树贮运技术控制措施、果蔬加工原料预处理。
●
相关链接 在五车中查询图书 在当当中查询图书 在豆瓣中查询图书


正题名:园艺产品贮藏加工技术     索取号:S609/3         预约/预借

序号 登录号 条形码 馆藏地/架位号 状态 备注
1 2000972915   2000972915   第四书库/四28架B面5层3列/ [索取号:S609/3] 在馆    
2 2000972916   2000972916   第四书库/四28架B面5层3列/ [索取号:S609/3] 在馆    
3 2000972917   2000972917   第四书库/四28架B面5层3列/ [索取号:S609/3] 在馆    
4 2000972918   2000972918   第四书库/四28架B面5层3列/ [索取号:S609/3] 在馆    
5 2000972919   2000972919   第四书库/四28架B面5层3列/ [索取号:S609/3] 在馆    
6 2000972920   2000972920   第四书库/四28架B面5层3列/ [索取号:S609/3] 在馆    
山东省滨州职业学院图书馆 欢迎您!
大连网信软件有限公司© 版权所有